000
00260nam a22000977a 4500
999
_c
11077
_d
11077
008
180824b ||||| |||| 00| 0 eng d
020
_a
9788183507844
100
_a
Agarwal Archana
_9
6854
245
_a
Informatics Practices
260
_a
New Delhi
_b
Sultan Chand
_c
2018